1380 1042 1030 1682 1969 1718 1490 1430 1215 1670 1460 1409 1123 1374 1716 1107 1027 1702 1493 1859 1682 1084 1944 1065 1507 1246 1241 1618 1758 1675 1594 1570 1932 1679 1655 1887 1113 1508 1486 1215 1308 1960 1115 1915 1570 1347 1371 1785 1189 1728 2000 1181 1585 1169 1261 1063 1845 1118 1602 1834 1622 1335 1098 1295 1582 1132 1637 1695 1001 1293 1247 1833 1381 1053 1985 1153 1068 1599 1608 1454 1918 1772 1899 1777 1330 1164 1428 1670 1948 1791 1611 1538 1433 1846 1031 1231 1886 1504 1469 BCNSPRNW ULIB Ver.6.0+V

เปลี่ยนเป็นภาษาไทย

Change to English
 แสดงรายละเอียดบรรณานุกรม
  กลับหน้าหลัก

Brief Record : Get Marc (ISO 2709) : E-mail record : QR code < ปิดหน้าต่าง
LEADER : 00000nam 2200000uu 4500
001    13399128033
003     ULIB
008    220117s2562||||th 000 0 tha d
020    ^a9786161140564
060  0 ^aWY100^bน927
100 0  ^aธีรพร สถิรอังกูร, สมจิตต์ วงศ์สุวรรณสิริ และพัชรีย์กลัดจอมพงษ์ (บรรณาธิการ)
245 00 ^aแนวทางการจัดบริการพยาบาลผู้ป่วยระยะกลาง/^bธีรพร สถิรอังกูร, สมจิตต์ วงศ์สุวรรณสิริ และพัชรีย์กลัดจอมพงษ์ (บรรณาธิการ)
260    ^aนนทบุรี:^bกองการพยาบาล สำนักงานปลัดกระทรวง กระทรวงสาธารณสุข,^c2562
650  0 ^aการจัดบริการพยาบาล
650  0 ^aผู้ป่วยระยะกลาง
856    ^a^zสารบัญ^uhttps://drive.google.com/open?id=1y0hrZe9c5IpxNJ4zMv8jLimNTAlnxCsu
945    ^p0^l0^i29178
999    ^aกัณชพร จุลอักษร
รายการนี้ยังไม่มีแท็ก
คุณยังไม่ได้ล็อกอิน คุณสามารถมีกิจกรรมร่วมกับเว็บไซต์ได้ แต่ต้องล็อกอินก่อน ::
  ล็อกอิน

รายการสื่อสารสนเทศ

ลำดับที่ ประเภท เลขเรียก/บาร์โค้ด สถานที่ สถานะ
1. วิทยาศาสตร์การแพทย์ และสุขภาพ
วิทยาศาสตร์การแพทย์ และสุขภาพ
WY100 น927 ฉ.1 
  Barcode: 29178
ห้องสมุดวิทยาเขตนครสวรรค์
►หนังสือทั่วไป:l:General Books
บนชั้น

รายการใกล้เคียง
    ผู้แต่ง [ธีรพร สถิรอังกูร, สมจิตต์ วงศ์สุวรรณสิริ และพัชรีย์กลัดจอมพงษ์ (บรรณาธิการ)]

    หัวเรื่อง [การจัดบริการพยาบาล]
    หัวเรื่อง [ผู้ป่วยระยะกลาง]

BibComment


ยังไม่เคยถูกคอมเมนท์

คอมเมนท์ทรัพยากรรายการนี้
  คอมเมนท์: แนวทางการจัดบริก..


 Copyright 2026. Bcnsprnw @Library